MDQL
is popping MORE tags! Check the
thread
!
Quizzes
Events
Quiz Creation
Community
Videos
Private Events
Remove Ads
Sign In
Join for FREE
Feedback
Dark Mode
Quiz Categories
Sports
Geography
Music
Movies
Television
Just For Fun
Miscellaneous
History
Literature
Language
Science
Gaming
Entertainment
Religion
Holiday
For Kids
Quiz Lab
Recent
Popular Today
Quiz Kudos Today
Editor Picks
Curator Picks
Quizzes by...
Day
Popularity
Type
Ratings
Length
Year
Community
Subscriptions
Recent Discussions
Orange Saloon
Badges
Playlists
Quests
Create
Leaderboards
Showdown
Live 5
Trivia Bingo
Activity
Puzzle Library
Sporcle Events
Private Events
Virtual Trivia
Globe League
Become a Host
Pub Owners
SporcleCon
Opinionation
Our Games
Videos
Blog
Mobile Apps
Partnerships
Remove Ads and Go Orange
Feedback
Sports
Athletes
MLB
NBA
NHL
NFL
Soccer
Sports Teams
WWE
NCAA
Football
Premier League
Basketball
Baseball
Hockey
Golf
Tennis
Cricket
Rugby
Auto Racing
Olympics
World Cup
Sports
Athletes
MLB
NBA
NHL
NFL
Soccer
Sports Teams
WWE
NCAA
Football
Premier League
Basketball
Baseball
Hockey
Golf
Tennis
Cricket
Rugby
Auto Racing
Olympics
World Cup
Random Quiz
Search Sporcle
×
Quiz Lab
Quiz Lab
Sports
europa
Type in answers that appear in a list
Type in answers that appear in a list
Classic
Best Score? Go Orange.
Europa League teams by their top player. Stats
Can you name the Europa League teams by their top player?
By
ajax1994
10m
48 Questions
58 Plays
58 Plays
58 Plays
Comments
Comments
Give Quiz Kudos
Give Quiz Kudos
-
- Ratings
hide this ad
More Info
Forced Order
Answers have to be entered in order
Answers have to be entered in order
Replay
Link that replays current quiz
Next Quiz
Link to next quiz in quiz playlist
You Got
0%
They Got
Avg Score
23%
Avg Friend Score
Upgrade to see
Score Distribution
Jump to the score distribution portion of the page
Score
0/48
Timer
10:00
0
Plays Today
Hint
Answer
% Correct
Sofiane Feghouli
FC Valencia
65.5%
Ivan Rakitic
FC Sevilla
62.1%
Michu
Swansea City AFC
58.6%
Giuseppe Rossi
AC Fiorentina
58.6%
Memphis Depay
PSV Eindhoven
55.2%
Andriy Yarmolenko
Dynamo Kiev
55.2%
Evgen Konoplyanka
Dnipro Dnipropetrovsk
43.1%
Maxime Gonalons
Olympique Lyon
43.1%
Jelle Vossen
KRC Genk
37.9%
Antonio Candreva
Lazio Roma
37.9%
Yann M'Vila
Rubin Kazan
36.2%
Gylfi Sigurdsson
Tottenham Hotspur
36.2%
Jonatan Soriano
Red Bull Salzburg
34.5%
Henri Saivet
FC Girondins Bordeaux
32.8%
Michy Batshuayi
Standard Luik
31%
Thorgan Hazard
SV Zulte-Waregem
27.6%
Nick Powell
Wigan Athletic
25.9%
Florent Malouda
Trabzonspor
25.9%
Eran Zahavi
Maccabi Tel Aviv
24.1%
Matthias Ginter
SC Freiburg
24.1%
Miroslav Stoch
PAOK Saloniki
22.4%
Virgil Misidjan
PFK Ludogorets Razgrad
20.7%
Ibrahima Baldé
Kuban Krasnodar
19%
Lasse Nilsson
IF Elfsborg Boras
19%
Hint
Answer
% Correct
Aron Jóhannsson
AZ Alkmaar
19%
Fatos Beqiraj
GNK Dinamo Zagreb
17.2%
Václav Kadlec
Eintracht Frankfurt
17.2%
Steffen Hofmann
SK Rapid Wien
17.2%
Jucilei
Anzhi Makhachkala
17.2%
Eyal Golasa
Maccabi Haifa
17.2%
Oleksiy Antonov
Chornomorets Odessa
13.8%
Bebé
FC Paços de Ferreira
13.8%
Bartosz Bereszynski
Legia Warschau
13.8%
Álvaro Vadillo
Real Betis Sevilla
12.1%
Peter Ankersen
Esbjerg fB
10.3%
Goran Cvijanovic
NK Maribor
8.6%
Alhassane Keita
FC ST. Gallen
6.9%
Christian Schneuwly
FC Thun
6.9%
Moussa Maazou
Vitória Guimarães SC
6.9%
Gastón Sangoy
Apollon Limassol
6.9%
Evandro
GD Estoril-Praia
5.2%
Leon Benko
HNK Rijeka
5.2%
Eric
Pandurii Targu Jiu
3.4%
Luvannor
Sheriff Tiraspol
3.4%
Zdenek Ondrasek
Tromsö IL
3.4%
Andrey Finonchenko
Schachtjor Karaganda
3.4%
Tiago Gomes
APOEL Nicosia
1.7%
Renato Kelic
FC Slovan Liberec
1.7%
Quiz Playlist
Details
Report
Send in Message
Add To Playlist
More Info:
Can you name all the teams of the Europa League 2013/2014 by their topplayer?
Classic:
Type in answers that appear in a list
Forced Order:
Answers have to be entered in order
Last Updated: Feb 16, 2017
Quiz Scoreboard
CHALLENGE
Sign Up to Join the Scoreboard
Show All
Scores
Hide
Comments
May contain spoilers
Recently Published
Two Season TV Shows II
by 123Four
Television
10m
Image Sorting: Flags VI
by Barbecue
Geography
2m
Find the 'City' Movie
by crazypaving
Movies
60s
More to Explore
Quiz From the Vault
Featured Blog Post
14 Easter Pick-up Lines to Find Eggs With
hide this ad
You Might Also Like...
Tags
europa
Football Clubs
Today's Top Quizzes in Sports
Browse Sports
hide this ad
Today's Top Quizzes in europa
Browse europa
Top Contributed Quizzes in Sports
1
Les meilleurs buteurs des matchs entre le PSG et l’OM
2
Les entraîneurs de l'OM et du PSG au 21e siècle
3
2022 World Cup Stars
4
Les joueurs passés par le PSG et l'OM
5
Players with Multiple 50 Home Run Seasons
6
FIFA Club World Cup Champions
7
Criteria MLB: Left Handed Sluggers
8
Les joueurs passés par le LOSC et le RC Lens
9
Top 10 NHL Goal Scorers of All Time
10
MLB Players with Two .350 Batting Average Seasons
Explore More
Trending Topics
Harry Potter
Kpop
Anime
NBA
Marvel
Disney
Crossword
WWE
Song
NFL
Puzzle
Pokémon
Country
Soccer
The Office
hide this ad
More By:
ajax1994
Quiz
Plays
Rating
Category
Featured
Created
European countries by 4th city.
377
4.46
Geography
Apr 8, 2014
Eredivisie & First Division 2013/2014 by player
166
5.00
Sports
Nov 17, 2013
Europa League teams by their top player.
58
3.00
Sports
Nov 17, 2013
Top 60 football talents
27
2.33
Sports
Apr 8, 2014
Go to Creator's Profile
Score Distribution
Quiz Creator Spotlight
ajax1994
Follow
Send a Message
Quizzes Created
-
Created Quiz Play Count
-
More By This Creator
Popular Quizzes Today
1
Find the US States - No Outlines Minefield
2
Colored Red Africa Blitz
3
Find the 'City' Movie
4
5x2 Blitz: Bands
5
The Countries of the World
6
Find the Countries of Europe - No Outlines Minefield
7
Find the US States
8
US States
More Sports Quizzes
Anyone but Michael Jordan
Published
Trending Quizzes
Colored Red Europe Blitz I
Colored Red Africa Blitz II
Colored Red Europe Blitz II
Colored Red Europe Blitz III
Colored Red Africa Blitz III
Recently Updated
How Do You Spell That?
pecheneg
Godzilla Movies
pecheneg
Grab Bag: 4-10 Letters
pecheneg
2024 March Madness Bracket
pecheneg
Famous TV Couples
Peacemaker
Champions League XIs: Real Madrid
pecheneg
Largest US Cities 1790-2010
pecheneg
Rides in Walt Disney World
pecheneg
Most Oscar Losses (Acting)
pecheneg
Beyoncé Albums
pecheneg
Trending Topics
Crossword
Marvel
Harry Potter
Disney
NBA
Kpop
Anime
Country
The Office
Song
Puzzle
Pokémon
Soccer
WWE
NFL
Your Account Isn't Verified!
In order to create a playlist on Sporcle, you need to verify the email address you used during registration. Go to your
Sporcle Settings
to finish the process.
Report this User
Report this user for behavior that violates our
Community Guidelines
.
Details:
Send Report
Go to the Sporcle.com Mobile Site →
Comments